000 00590nam a22002417a 4500
003 UA-OsUOA
001 34274
007 ta
008 20050927b un ||||| |||| 00| 0 ukr d
100 _aАйні С.
090 _a821.222.8
_bА37
942 _cBK
040 _aUA-OsUOA
_bukr
_cUA-OsUOA
_dUA-OsUOA
245 _aБухара
300 _a592 с.
955 _a3
041 _aukr
080 _a821.222.8
260 _aК.
_bДніпро
_c1983
246 3 1 _aспогади
_n
650 7 _a82 Література. Літературознавство
_2UDC
999 _c320715
_d320715